| 000 | 00563nam a2200169Ia 4500 | ||
|---|---|---|---|
| 005 | 20250508155208.0 | ||
| 008 | 008 250505s9999 xx 000 0 eng d | ||
| 037 | _aBooks to be hide in OPAC | ||
| 040 |
_aFEDL _beng _cFEDL |
||
| 041 |
_aeng _2eng |
||
| 084 |
_a307.72, IND/O _qFEDL |
||
| 245 | 0 | _aReport of the team for the study of community projects and national extension service Vol. 3 (Part 1) | |
| 260 |
_aNew Delhi, India _bCommittee on Plan Projects _c1957 |
||
| 300 | _a281p. | ||
| 942 |
_cHB _h307.72, IND/O |
||
| 999 |
_c1355114 _d1355114 |
||